Statistiques concernant ~ Les Classiques Disney ~

Cliquez ici pour prendre le quiz!

Statistiques générales

  • Ce quiz a été pris 940 fois
    (226 depuis la dernière actualisation)
  • Le résultat moyen est 79 sur 127

Statistiques - réponses

Date de SortiePays d'OrigineUne des ChansonsFilm "Classique"% Correct
1.1937États-UnisUn Jour mon Prince viendraBlanche-Neige et les Sept Nains
99%
14.1950États-UnisBibbidi-Bobbidi-BooCendrillon
97%
22.1967États-UnisIl en faut Peu pour être HeureuxLe Livre de la Jungle
95%
19.1961États-UnisCruella d'EnferLes 101 Dalmatiens
94%
16.1953États-UnisTu t'envolesPeter Pan
92%
37.1992États-UnisCe Rêve BleuAladdin
91%
4.1941États-UnisMon Tout PetitDumbo
91%
38.1994États-UnisL'Amour brille sous les ÉtoilesLe Roi Lion
91%
48.1998États-UnisComme un HommeMulan
90%
109.2013États-UnisLibérée, DélivréeLa Reine des Neiges
89%
23.1970États-UnisGammes et ArpègesLes Aristochats
88%
36.1991États-UnisC'est la FêteLa Belle et la Bête
87%
33.1989États-UnisPartir Là-BasLa Petite Sirène
87%
2.1940États-UnisQuand on Prie la Bonne ÉtoilePinocchio
86%
41.1995États-UnisL'Air du VentPocahontas, Une Légende Indienne
86%
102.2011États-UnisChanson du GagnantWinnie l'Ourson
85%
118.2016États-UnisLe Bleu LumièreVaiana, La Légende du Bout du Monde
85%
28.1977États-UnisL'Arbre à MielLes Aventures de Winnie l'Ourson
85%
42.1995États-UnisJe suis ton AmiToy Story
84%
101.2010États-UnisOù est la Vraie Vie ?Raiponce
84%
21.1964États-UnisSupercalifragilisticexpialidociousMary Poppins
84%
5.1942États-UnisLa Chanson de la PluieBambi
84%
17.1955États-UnisLa Chanson des SiamoisLa Belle et le Clochard
83%
18.1959États-UnisJ'en ai RêvéLa Belle au Bois Dormant
83%
67.2003États-UnisJe vois des Taches101 Dalmatiens 2 - Sur la Trace des Héros
82%
15.1951États-UnisPeignons les Roses en RougeAlice au Pays des Merveilles
81%
3.1940États-UnisCasse-NoisetteFantasia
80%
49.1998États-UnisIl vit en ToiLe Roi Lion 2 - L'Honneur de la Tribu
78%
65.2002États-UnisAloha e Komo MaiLilo & Stitch
78%
86.2006États-UnisRoute 66Cars - Quatre Roues
76%
26.1977États-UnisQui veut me sauver ?Les Aventures de Bernard et Bianca
76%
45.1997États-UnisJamais je n'avoueraiHercule
76%
98.2009États-UnisAu Bout du RêveLa Princesse et la Grenouille
76%
39.1994États-UnisNuits d'ArabieLe Retour de Jafar
76%
52.1999États-UnisEnfant de l'HommeTarzan
76%
29.1981États-UnisDeux Bons CopainsRox et Rouky
75%
106.2012États-UnisSugar RushLes Mondes de Ralph
75%
104.2012États-UnisVers le CielRebelle
73%
53.1999États-UnisQuand elle m'aimaitToy Story 2
73%
77.2004États-UnisPremière LeçonMulan 2 - La Mission de l'Empereur
72%
78.2004États-UnisPAS DE CHANSONSLes Indestructibles
72%
71.2004États-UnisLe Lion s'endort ce SoirLe Roi Lion 3 - Hakuna Matata
71%
124.2019États-UnisDans un Autre MondeLa Reine des Neiges 2
71%
120.2017États-UnisNe m'oublie PasCoco
70%
20.1963États-UnisHigitus FigitusMerlin l'Enchanteur
70%
93.2008États-UnisLes Fées rêvent du PrintempsLa Fée Clochette
69%
100.2010États-UnisWe belong togetherToy Story 3
69%
97.2009États-UnisPAS DE CHANSONSLà-Haut
69%
69.2003États-UnisAu Rythme de la JungleLe Livre de la Jungle 2
69%
50.1998États-UnisAu Seuil de mon AvenirPocahontas 2 - Un Monde Nouveau
67%
95.2008États-UnisUn Chat, un Chien et un RongeurVolt, Star malgré Lui
67%
56.2000États-UnisSous le SoleilLa Petite Sirène 2 - Retour à l'Océan
67%
44.1996États-UnisC'est la Fantasia à AgrabahAladdin et le Roi des Voleurs
66%
103.2011États-UnisWhose Engine is this ?Cars 2
66%
73.2003États-UnisJe m'en vaisFrère des Ours
65%
72.2003États-UnisBeyond the SeaLe Monde de Nemo
65%
43.1996États-UnisUn Gars comme ToiLe Bossu de Notre-Dame
65%
63.2002États-UnisLe Monde te respecteraCendrillon 2 - Une Vie de Princesse
65%
116.2016États-UnisTry EverythingZootopie
65%
47.1997États-Unis / CanadaTant qu'il y aura NoëlLa Belle et la Bête 2 - Le Noël Enchanté
65%
121.2018États-UnisPAS DE CHANSONSLes Indestructibles 2
64%
81.2005États-UnisHawaiian Roller Coaster Ride (Remix)Lilo & Stitch 2 - Hawaï, Nous avons un Problème !
63%
54.1999États-UnisLe Carnaval des AnimauxFantasia 2000
62%
66.2002États-UnisPour être l'Un de NousPeter Pan 2 - Retour au Pays Imaginaire
62%
60.2000États-UnisUn Monde ParfaitKuzco, L'Empereur Mégalo
62%
123.2019États-UnisThe Balad of the Lonesome CowboyToy Story 4
61%
80.2005États-UnisPartir LoinTarzan 2 - L'Enfance d'un Héros
60%
57.2000États-UnisC'est Merveilleux d'être un TigreLes Aventures de Tigrou
59%
119.2017États-UnisRideCars 3
59%
84.2006États-UnisQuand le Printemps revientBambi 2
58%
92.2008États-UnisJe me rappelleLe Secret de la Petite Sirène
58%
9.1946États-UnisChanson du SudMélodie du Sud
58%
32.1988États-UnisIl Était une Fois à New York CityOliver et Compagnie
57%
114.2015États-UnisPAS DE CHANSONSVice-Versa
57%
122.2018États-UnisLa Course InfernaleRalph 2.0 - Ralph brise l'Internet
57%
117.2016États-UnisIndestructibleLe Monde de Dory
56%
35.1990États-UnisS.O.S. SociétéBernard et Bianca au Pays des Kangourous
56%
88.2007États-UnisPlus que des RêvesLe Sortilège de Cendrillon
56%
27.1977États-UnisUn Dragon !Peter et Elliott le Dragon
55%
96.2009États-UnisLes Contes de Fées d'AntanClochette et la Pierre de Lune
54%
90.2007États-UnisLe FestinRatatouille
54%
61.2001États-UnisAussi Loin que tes RêvesAtlantide, L'Empire Perdu
54%
76.2004États-UnisUn Petit Coin de Paradis au Far-WestLa Ferme se rebelle
54%
108.2013États-UnisFlyPlanes
54%
83.2005États-UnisFidèle à ton GrooveKuzco 2 - King Kronk
53%
89.2007États-UnisOn est des ChampionsRox et Rouky 2
53%
59.2000États-Unis / AustralieVenezLa Belle et le Clochard 2 - L'Appel de la Rue
53%
79.2005États-UnisEffrayants Affolants ÉfélantsWinnie l'Ourson et l'Éfélant
52%
87.2006États-UnisComme Seul au MondeFrère des Ours 2
50%
68.2002États-UnisUn Homme LibreLa Planète au Trésor - Un Nouvel Univers
49%
62.2002États-UnisJ'ImagineLe Bossu de Notre-Dame 2 - Le Secret de Quasimodo
49%
11.1948États-UnisLe Temps d'une ChansonMélodie Cocktail
49%
25.1973États-UnisHier Deux EnfantsRobin des Bois
49%
70.2003États-UnisSi j'étais moins PetitLes Aventures de Porcinet
48%
111.2014États-UnisAll inPlanes 2
48%
7.1944États-UnisLa Chanson du BonheurLes Trois Caballeros
48%
94.2008États-UnisDown to EarthWall-E
46%
51.1998États-UnisThe Time of your Life1001 Pattes - A Bug's Life
46%
8.1946États-UnisSi vous m'aimiez autant que je vous aimeLa Boîte à Musique
45%
99.2010États-UnisC'est Enfin l'ÉtéClochette et l'Expédition Féerique
45%
110.2014États-UnisDu Haut du CielClochette et la Fée Pirate
44%
64.2001États-UnisSi je ne t'avais pasMonstres & Cie
44%
31.1986États-UnisLe Grand Génie du MalBasil, Détective Privé
44%
30.1985États-UnisUn Savoir que j'ignoreTaram et le Chaudron Magique
43%
13.1949États-UnisNous galopons, galopons, galoponsLe Crapaud et le Maître d'École
42%
105.2012États-UnisNous viendronsClochette et le Secret des Fées
42%
113.2015États-UnisQuelle JoieClochette et la Créature Légendaire
42%
115.2015États-UnisPAS DE CHANSONSLe Voyage d'Arlo
41%
75.2004États-UnisTous pour UnMickey, Donald, Dingo : Les Trois Mousquetaires
41%
10.1947États-UnisCe n'est qu'un rêve un peu fouCoquin de Printemps
41%
46.1997États-Unis / JaponPour ToujoursWinnie l'Ourson 2 - Le Grand Voyage
41%
112.2014États-UnisImmortalsLes Nouveaux Héros
40%
40.1995États-UnisÇa va Toujours pour NousDingo et Max
39%
74.2004États-UnisFêter Pâques avec VousLes Aventures de Petit Gourou
39%
6.1942États-UnisTico Tico No FubaSaludos Amigos
37%
125.2020États-UnisCarried Me with YouEn Avant
37%
82.2005États-UnisPour l'ÉternitéChicken Little
37%
85.2006États-Unis / CanadaReally Nice DayThe Wild
36%
12.1948États-UnisTu dois faire avec ce que tu asDanny, Le Petit Mouton Noir
36%
126.2020États-UnisInconnuSoul
35%
91.2007États-UnisL'ami qui me croiraBienvenue chez les Robinson
35%
58.2000États-UnisCan Somebody Tell MeDinosaure
35%
107.2013États-UnisPAS DE CHANSONSMonstres Academy
35%
34.1990États-Unis / FranceCHANSON ÉPONYME (Générique)La Bande à Picsou, Le Film - Le Trésor de la Lampe Perdue
33%
55.2000États-UnisShake your Groove ThingDingo et Max 2 - Les Sportifs de l'Extrême
33%
24.1971États-UnisÉglantineL'Apprentie Sorcière
25%
127.2021États-UnisInconnuRaya et le Dernier Dragon
20%

Distribution des résultats

Percentile par nombre de réponses

% des personnes avec chaque résultat

Votre développement - résultats

Vous n’avez pas pris ce quiz depuis la dernière actualisation